Eljegyzés

Správa o zásnubách holiča z Humenného Zoltána Töröka s Júliou (Juliska) Barna v Humennom v júli roku 1908.

Podrobná bibliografia
Médium: Článok
Jazyk:Hungarian
Témy:
Zdroj: 1. Felvidéki Hirlap : Közgazdasági, társadalmi és szépirodalmi hetilap 1. Roč. 1, č. 19 (19.07.1908) s. 2
LEADER 00879nab#a2200301#ar4500
001 000072880
003 SVKKK
005 20030415xxxxxxx.
008 06 c xo huno
FMT
038 |a SVKKK 
040 |a SVKKK  |b slo  |e AACR2 
041 0 |a hun 
044 |a xo  |c SK 
080 |a 392 
242 1 0 |a Zásnuby 
245 0 0 |a Eljegyzés 
500 |a mikrofilm 
520 2 |a Správa o zásnubách holiča z Humenného Zoltána Töröka s Júliou (Juliska) Barna v Humennom v júli roku 1908. 
650 0 4 |a zásnuby - Török, Zoltán (holič) - Barna, Júlia (nevesta) - Humenné - júl 1908 - správy 
773 0 |t Felvidéki Hirlap : Közgazdasági, társadalmi és szépirodalmi hetilap  |g Roč. 1, č. 19 (19.07.1908) s. 2 
957 |a Humenné 
958 |a DG 
958 |a SK 
974 |a Ba  |d 20030415 
992 |a RBX 
BAS
998 |a RETRO